000 00454cam a2200181 4500
001 D12042
008 090401t1954 xxu||||| |||| 00| 0 eng d
035 _a(Sirsi) u906
041 _aeng
100 _aAvgherinos, G.
245 4 _aThe Housing Repairs and Rents Act 1954
260 _aLondon
_bEstates Gazette
_c1954
350 _a0
520 _aShelf 113; with sep bound supplement
700 _aTelling, A.E.
942 _n0
948 _c04/03/1997
999 _c85600
_d85600